[Event "1st Grand Europe Open"]
[Site "Golden Sands BUL"]
[Date "2012.06.06"]
[Round "3.66"]
[White "Golikov, Nikolai"]
[Black "Shalamberidze, Akaki"]
[Result "0-1"]
[BlackTitle "IM"]
[WhiteElo "2042"]
[BlackElo "2333"]
[WhiteFideId "24101630"]
[BlackFideId "13600532"]
[EventDate "2012.06.04"]
[EventType "swiss"]

1. e4 d6 2. d4 Nf6 3. Nc3 g6 4. Bg5 Bg7 5. f4 O-O 6. Qd2 c6 7. O-O-O b5 8. Bd3
b4 9. Nce2 Nbd7 10. Nf3 Qa5 11. Kb1 Rb8 12. Nc1 c5 13. e5 Nd5 14. Nb3 Nc3+ 15.
Qxc3 Qc7 16. Qd2 Nb6 17. dxc5 dxc5 18. Be4 c4 19. Qxb4 cxb3 20. axb3 f6 21. Bh4
a5 22. Qa3 a4 23. bxa4 Be6 24. Bd3 Bd7 25. Bb5 Bxb5 26. axb5 Nc4 27. Qb3 Kh8 28.
Rd4 Rfc8 29. Rhd1 g5 30. fxg5 fxe5 31. Bg3 Nd6 32. Rb4 Nxb5 33. Rd2 Qa5 34. Nxe5
Rf8 35. Nf3 Ra8 36. c3 Qa1+ 37. Kc2 Na3+ 38. Kd3 Qf1+ 39. Ke3 Nb1 40. Rd1 Qxg2
41. Qd5 Rad8 42. Rg1 Rxf3+ 43. Qxf3 Qxg1+ 44. Kf4 Rf8+ 0-1

[Event "1st Grand Europe Open"]
[Site "Golden Sands BUL"]
[Date "2012.06.06"]
[Round "3.67"]
[White "Ji, Dan"]
[Black "Levina, Anna V."]
[Result "1-0"]
[BlackTitle "WFM"]
[WhiteElo "2326"]
[BlackElo "2093"]
[WhiteFideId "8601887"]
[BlackFideId "2017920"]
[EventDate "2012.06.04"]
[EventType "swiss"]

1. e4 c5 2. Nf3 g6 3. d4 cxd4 4. Nxd4 Nc6 5. c4 d6 6. Nc3 Nf6 7. h3 Nxd4 8. Qxd4
Bg7 9. Be3 O-O 10. Qd2 a6 11. Bd3 Be6 12. Rc1 b5 13. b3 bxc4 14. bxc4 Rc8 15.
Nd5 Bxd5 16. cxd5 Rxc1+ 17. Qxc1 Qa5+ 18. Qd2 Qxd2+ 19. Kxd2 a5 20. Rb1 e6 21.
dxe6 fxe6 22. Rb6 Rd8 23. Ke2 d5 24. Rxe6 dxe4 25. Bc4 Kh8 26. Ra6 h6 27. Rxa5
Rc8 28. Bb3 Kh7 29. Ra7 h5 30. Re7 Rd8 31. Bg5 Rd6 32. Re6 Rxe6 33. Bxe6 Ne8 34.
a4 Nc7 35. Bc4 Bd4 36. Be3 Bc3 37. Bf4 Na8 38. Bd2 Bd4 39. a5 Kg7 40. Bf4 Kf6
41. Bd5 1-0

[Event "1st Grand Europe Open"]
[Site "Golden Sands BUL"]
[Date "2012.06.06"]
[Round "3.69"]
[White "Omar, Noaman"]
[Black "Asparuhov, Parvan"]
[Result "0-1"]
[WhiteTitle "FM"]
[WhiteElo "2322"]
[BlackElo "2077"]
[WhiteFideId "9300244"]
[BlackFideId "2905647"]
[EventDate "2012.06.04"]
[EventType "swiss"]

1. d4 d5 2. c4 c6 3. Nf3 Nf6 4. Nc3 a6 5. e3 g6 6. h3 Bg7 7. Bd3 O-O 8. O-O Nbd7
9. Qe2 Re8 10. Rd1 b5 11. b3 Bb7 12. Bb2 Rc8 13. Rac1 e6 14. c5 Rf8 15. b4 Qc7
16. Re1 Nh5 17. g4 Nhf6 18. Rcd1 Rcd8 19. a3 Bc8 20. Nb1 Ne8 21. e4 dxe4 22.
Bxe4 Nef6 23. Ne5 Nd5 24. Nd3 N7f6 25. Bg2 Bb7 26. Qf3 a5 27. Nd2 axb4 28. axb4
Ra8 29. Ra1 Rfb8 30. g5 Ne8 31. Qg4 Qd8 32. Nf3 Rxa1 33. Rxa1 Ra8 34. Rxa8 Qxa8
35. Nfe5 Qd8 36. h4 Bh8 37. h5 Ng7 38. hxg6 hxg6 39. Nxf7 Kxf7 40. Ne5+ Kg8 41.
Nxg6 Nf5 42. Nf4 Nxf4 43. Qxf4 Bxd4 44. Bxd4 Nxd4 45. Qe4 Qd7 46. Qg6+ Kf8 47.
Qf6+ Kg8 48. Qg6+ Kf8 49. Qf6+ Ke8 50. Be4 Ne2+ 51. Kf1 Qd1+ 52. Kg2 Qd4 53.
Qxe6+ Kd8 54. Kf3 0-1

[Event "1st Grand Europe Open"]
[Site "Golden Sands BUL"]
[Date "2012.06.06"]
[Round "3.70"]
[White "Mansour, Abbas"]
[Black "Jevtic, Sasa"]
[Result "0-1"]
[BlackTitle "FM"]
[WhiteElo "1933"]
[BlackElo "2315"]
[WhiteFideId "9301402"]
[BlackFideId "920452"]
[EventDate "2012.06.04"]
[EventType "swiss"]

1. e4 d5 2. exd5 Qxd5 3. Nc3 Qa5 4. d4 Nf6 5. Bd2 c6 6. Bc4 e6 7. Nf3 Qc7 8. Qe2
Be7 9. O-O O-O 10. Ne4 Nxe4 11. Qxe4 Nd7 12. Bd3 g6 13. Ng5 Nf6 14. Qh4 Qd8 15.
Rad1 h5 16. c3 Nh7 17. f4 e5 18. Bc4 exd4 19. Be3 c5 20. cxd4 Bg4 21. Rd2 b5 22.
dxc5 Qc7 23. Bd5 Bxc5 24. Bxc5 Qxc5+ 25. Kh1 Qe3 26. Qf2 Rae8 27. h3 Bf5 28.
Nxh7 Kxh7 29. Qxe3 Rxe3 30. Bb3 a5 31. Bc2 Be4 32. Kg1 Re8 33. Bxe4 R3xe4 34.
Rd5 Rb4 35. Rd2 Ree4 36. g3 h4 37. Kg2 Kg7 38. a3 Rbc4 39. Rf3 hxg3 40. Kxg3 Rc5
41. Kf2 Rc1 42. Kg3 Rc5 43. Kf2 Kf6 44. Kg3 Kf5 45. Rd7 Kf6 46. Rd6+ Ke7 47. Rd2
Ke6 48. Rd8 Ke7 49. Rd2 Kf6 50. Rfd3 Rec4 51. Rd5 a4 52. Kf3 Rxd5 53. Rxd5 b4
54. Ke3 Ke7 55. axb4 Rxb4 56. Ra5 Rb3+ 57. Ke4 Rxb2 58. Rxa4 Rb3 59. Ra7+ Kf6
60. Ra6+ Kg7 61. h4 Rh3 62. Ra2 Rxh4 63. Ke5 Rh5+ 64. Ke4 Rf5 65. Rg2 Kh6 66.
Rb2 Ra5 67. Rh2+ Rh5 68. Rb2 Rh3 69. Rg2 Rh4 70. Ke5 f6+ 71. Kxf6 Rxf4+ 72. Ke5
g5 73. Rb2 Rf1 74. Ke4 g4 75. Rb8 Kh5 76. Ke3 Rf3+ 77. Ke2 Kh4 78. Rb4 Kh3 79.
Rb7 Rf6 80. Rh7+ Kg2 81. Rg7 Re6+ 82. Kd1 0-1

[Event "1st Grand Europe Open"]
[Site "Golden Sands BUL"]
[Date "2012.06.06"]
[Round "3.71"]
[White "Videnova, Iva"]
[Black "Chikovani, Vakhtang"]
[Result "1-0"]
[WhiteTitle "WGM"]
[WhiteElo "2313"]
[BlackElo "2069"]
[WhiteFideId "2907763"]
[BlackFideId "13601571"]
[EventDate "2012.06.04"]
[EventType "swiss"]

1. e4 e5 2. Nf3 d6 3. d4 exd4 4. Nxd4 d5 5. exd5 Qxd5 6. Qe2+ Be7 7. Nb5 Na6 8.
Bf4 Nf6 9. N1c3 Qf5 10. Nxc7+ Nxc7 11. Bxc7 O-O 12. O-O-O Be6 13. f3 Rac8 14.
Qe5 Qg6 15. g4 Nd7 16. Qg3 Qg5+ 17. Kb1 Nb6 18. Be5 Bb4 19. Ne4 Rfd8 20. Be2
Rxd1+ 21. Rxd1 Qe3 22. Qf2 Qh6 23. f4 Bd5 24. Nc3 Bxc3 25. Bxc3 Qe6 26. f5 Qc6
27. Qd4 f6 28. g5 Rf8 29. Rg1 Na4 30. Bb4 Rd8 31. b3 Rd7 32. gxf6 Bxb3 33. f7+ 1-0

[Event "1st Grand Europe Open"]
[Site "Golden Sands BUL"]
[Date "2012.06.06"]
[Round "3.73"]
[White "Voiska, Margarita"]
[Black "Ilic, Slobodan R"]
[Result "1-0"]
[WhiteTitle "WGM"]
[WhiteElo "2301"]
[BlackElo "2046"]
[WhiteFideId "2900602"]
[BlackFideId "941832"]
[EventDate "2012.06.04"]
[EventType "swiss"]

1. c4 Nf6 2. Nc3 g6 3. g3 Bg7 4. Bg2 O-O 5. e3 d6 6. Nge2 c6 7. O-O e5 8. d3 Be6
9. h3 Na6 10. e4 Ne8 11. b3 f5 12. d4 Nf6 13. d5 cxd5 14. exf5 gxf5 15. Nxd5 Nc7
16. Nxf6+ Bxf6 17. Ba3 Be7 18. Bxb7 Rb8 19. Bg2 Rf6 20. Qd2 Qf8 21. f4 e4 22.
Kh2 d5 23. Bxe7 Qxe7 24. Nd4 Bf7 25. Qc3 dxc4 26. bxc4 Qb4 27. Rfc1 Qxc3 28.
Rxc3 Rb2 29. Kg1 Kg7 30. Bf1 Kg6 31. Rc2 Rfb6 32. Rac1 R2b4 33. g4 fxg4 34. hxg4
Rd6 35. Nf5 Ra6 36. Rh2 Bg8 37. Rh6+ Kf7 38. Rxa6 Nxa6 39. Nd6+ Ke7 40. Nxe4 Rb2
41. Re1 Kf8 42. Nf6 Rxa2 43. Re8+ Kg7 44. Nxg8 Kf7 45. Rc8 1-0

[Event "1st Grand Europe Open"]
[Site "Golden Sands BUL"]
[Date "2012.06.07"]
[Round "4.1"]
[White "Li, Shilong"]
[Black "Petrosian, Tigran L."]
[Result "0-1"]
[WhiteTitle "GM"]
[BlackTitle "GM"]
[WhiteElo "2553"]
[BlackElo "2657"]
[WhiteFideId "8600678"]
[BlackFideId "13301616"]
[EventDate "2012.06.04"]
[EventType "swiss"]

1. d4 d5 2. c4 c6 3. Nf3 Nf6 4. Nc3 dxc4 5. a4 Bf5 6. Ne5 Nbd7 7. Nxc4 Qc7 8. g3
e5 9. dxe5 Nxe5 10. Bf4 Nfd7 11. Bg2 g5 12. Ne3 gxf4 13. Nxf5 O-O-O 14. Qc2 fxg3
15. hxg3 Kb8 16. O-O-O Bb4 17. Na2 Bc5 18. e3 Bb6 19. Kb1 h5 20. Nc3 Nf6 21. Ne4
Rxd1+ 22. Rxd1 Nxe4 23. Bxe4 Rd8 24. Rh1 Qd7 25. Rxh5 Nc4 26. Nd4 Bxd4 27. Qxc4
Bxe3 28. Rf5 Qd1+ 29. Ka2 Rd4 30. Bc2 Rxc4 31. Bxd1 Bd4 32. Rf4 Rb4 33. b3 f6
34. Re4 Kc7 35. g4 Kd6 36. f4 Kc5 37. Be2 a5 38. g5 f5 39. Re7 Bc3 40. g6 Rd4
41. Kb1 Rd6 42. Bh5 Rd2 43. Rxb7 Rh2 44. g7 Bxg7 45. Bg6 Bh6 46. Bxf5 Bxf4 47.
Be4 Re2 48. Bd3 Rh2 49. Bc4 Kd4 50. Rf7 Rf2 51. Rd7+ Kc3 52. Rd3+ Kb4 53. Rh3
Rg2 54. Rf3 Bg5 55. Bf1 Rd2 56. Rf5 Be3 57. Rf3 Bh6 58. Rf6 Bg5 59. Rf3 Ka3 60.
Ba6 Rb2+ 61. Ka1 Ra2+ 62. Kb1 Rb2+ 63. Ka1 Rg2 64. Kb1 Bh6 65. b4+ Kxb4 66. Bb7
Rg6 67. Kc2 Bg7 68. Rb3+ Kc5 69. Rf3 Be5 70. Bc8 Rg2+ 71. Kb3 Rb2+ 72. Ka3 Rb8
73. Be6 Kd4 74. Rf1 c5 75. Rc1 Rb6 76. Bb3 Bf4 77. Rc4+ Ke3 78. Ka2 Bd6 79. Rc1
Ke2 80. Rc2+ Ke3 81. Rc1 Bf8 82. Re1+ Kd3 83. Rd1+ Ke2 84. Rd5 Rf6 85. Bc4+ Ke3
86. Kb3 Ke4 87. Rd7 Bd6 88. Rf7 Rh6 89. Bb5 Kd4 90. Rf3 Be5 91. Rd3+ Ke4 92. Kc4
Bd4 93. Rg3 Rh2 94. Bc6+ Ke5 95. Rg2 Rh3 96. Rg5+ Kf4 97. Rxc5 Bxc5 98. Kxc5 Ke5
99. Bb5 Rh6 100. Bc4 Rf6 101. Kb5 Kd4 102. Be2 Rf5+ 103. Kb6 Kc3 104. Bb5 Kb4
105. Kc6 Rc5+ 106. Kb6 Rc3 107. Bd7 Ra3 0-1

[Event "1st Grand Europe Open"]
[Site "Golden Sands BUL"]
[Date "2012.06.07"]
[Round "4.2"]
[White "L'Ami, Erwin"]
[Black "Nabaty, Tamir"]
[Result "1/2-1/2"]
[WhiteTitle "GM"]
[BlackTitle "GM"]
[WhiteElo "2605"]
[BlackElo "2553"]
[WhiteFideId "1007998"]
[BlackFideId "2809052"]
[EventDate "2012.06.04"]
[EventType "swiss"]

1. Nf3 d5 2. d4 Nf6 3. c4 dxc4 4. e3 b5 5. a4 b4 6. Bxc4 e6 7. O-O Bb7 8. Nbd2
Be7 9. Qe2 O-O 10. Rd1 c5 11. Nb3 Nbd7 12. Bd2 a5 13. Rac1 Qb6 14. Be1 Rac8 15.
Bb5 Bd5 16. Nfd2 cxd4 17. Nxd4 Ne5 18. f3 Bc5 19. Bf2 Bxd4 20. exd4 Nc6 21. Nc4
Qd8 22. Ne5 Qd6 23. Nxc6 Bxc6 24. Qe5 Qd7 25. Bxc6 Rxc6 26. Qxa5 Rb8 27. Rxc6
Qxc6 28. Bg3 Qc2 29. Re1 Rc8 30. Qxb4 Nd5 31. Qb7 h6 32. a5 Rc4 33. a6 Qd2 34.
Bf2 Rc1 35. h3 Rxe1+ 36. Bxe1 Qxe1+ 37. Kh2 Ne3 38. a7 Nf1+ 39. Kg1 Ng3+ 40. Kh2
Nf1+ 1/2-1/2

[Event "1st Grand Europe Open"]
[Site "Golden Sands BUL"]
[Date "2012.06.07"]
[Round "4.5"]
[White "Efimenko, Zahar"]
[Black "Drenchev, Petar"]
[Result "1/2-1/2"]
[WhiteTitle "GM"]
[BlackTitle "GM"]
[WhiteElo "2689"]
[BlackElo "2496"]
[WhiteFideId "14107201"]
[BlackFideId "2903261"]
[EventDate "2012.06.04"]
[EventType "swiss"]

1. e4 e5 2. Nf3 Nc6 3. Bb5 a6 4. Ba4 Nf6 5. O-O Nxe4 6. d4 exd4 7. Re1 d5 8.
Nxd4 Bd6 9. Nxc6 Bxh2+ 10. Kh1 Qh4 11. Rxe4+ dxe4 12. Qd8+ Qxd8 13. Nxd8+ Kxd8
14. Kxh2 Be6 15. Be3 f5 16. Nc3 Ke7 17. Bb3 Kf7 18. g4 g6 19. g5 Rad8 20. Kg3
Rhe8 21. Rh1 Kg8 22. Kf4 Bxb3 23. axb3 Re6 24. Ra1 Kg7 25. Kg3 Rc6 26. Ra5 Kf7
27. Ra1 Rd7 28. Rh1 Kg8 29. Ra1 Kf7 30. Rh1 Kg8 31. Ra1 Kf7 1/2-1/2

[Event "1st Grand Europe Open"]
[Site "Golden Sands BUL"]
[Date "2012.06.07"]
[Round "4.6"]
[White "Arnaudov, G. Petar"]
[Black "Georgiev, Kiril"]
[Result "1-0"]
[WhiteTitle "IM"]
[BlackTitle "GM"]
[WhiteElo "2477"]
[BlackElo "2689"]
[WhiteFideId "2907127"]
[BlackFideId "2900017"]
[EventDate "2012.06.04"]
[EventType "swiss"]

1. Nf3 Nf6 2. c4 c6 3. g3 d5 4. Bg2 dxc4 5. O-O Nbd7 6. Na3 Nb6 7. Qc2 Be6 8.
Ng5 Qd7 9. e4 g6 10. Re1 Bg7 11. Bf1 Ng4 12. Nxe6 fxe6 13. Nxc4 Nxc4 14. Bxc4
Bd4 15. Kg2 Bxf2 16. Rf1 O-O 17. Qb3 Rf6 18. d4 Raf8 19. e5 R6f7 20. Bxe6 Qxd4
21. Bxg4 Qe4+ 22. Bf3 Qxf3+ 23. Qxf3 Rxf3 24. Bh6 Be3 25. Rxf3 Bxh6 26. Rxf8+
Kxf8 27. Rd1 a5 28. Rd7 b6 29. Kf3 Bc1 30. b3 Ba3 31. Rc7 c5 32. Rb7 c4 33. bxc4
Bc5 34. g4 Kf7 35. Ke4 Ke6 36. Rc7 Bg1 37. h3 Bf2 38. a4 Bg1 39. Rc8 Kf7 40. Kd5
Be3 41. Rb8 1-0

[Event "1st Grand Europe Open"]
[Site "Golden Sands BUL"]
[Date "2012.06.07"]
[Round "4.7"]
[White "Xiu, Deshun"]
[Black "Lupulescu, Constantin"]
[Result "1/2-1/2"]
[WhiteTitle "GM"]
[BlackTitle "GM"]
[WhiteElo "2494"]
[BlackElo "2603"]
[WhiteFideId "8603693"]
[BlackFideId "1207822"]
[EventDate "2012.06.04"]
[EventType "swiss"]

1. Nf3 c5 2. c4 Nc6 3. d4 cxd4 4. Nxd4 Nf6 5. Nc3 e6 6. g3 Bc5 7. Nb3 Bb4 8. Bg2
d5 9. cxd5 Nxd5 10. a3 Bxc3+ 11. bxc3 O-O 12. Qc2 Qc7 13. c4 Ne5 14. c5 b6 15.
f4 Ng4 16. Bf3 Nge3 17. Bxe3 Nxe3 18. Qc3 Nd5 19. Bxd5 exd5 20. c6 Ba6 21. Nd4
Rfe8 22. Kf2 Re4 23. e3 Rae8 24. Rae1 Bc4 25. h4 h5 26. g4 hxg4 27. h5 R8e6 28.
h6 gxh6 29. Nxe6 Rxe6 30. Reg1 f5 31. Rh5 Qxc6 32. Rxf5 Rg6 33. Qe5 d4 34. Rg3
Be6 35. Rh5 Qc2+ 36. Kg1 d3 37. Qe4 Bf7 38. Rd5 Qd1+ 39. Kh2 Qe2+ 40. Kg1 Qe1+
41. Kg2 Qe2+ 42. Kg1 Qe1+ 43. Kg2 Qe2+ 44. Kg1 1/2-1/2

[Event "1st Grand Europe Open"]
[Site "Golden Sands BUL"]
[Date "2012.06.07"]
[Round "4.8"]
[White "Stocek, Jiri"]
[Black "Atalik, Ekaterina"]
[Result "1-0"]
[WhiteTitle "GM"]
[BlackTitle "IM"]
[WhiteElo "2595"]
[BlackElo "2474"]
[WhiteFideId "304760"]
[BlackFideId "4130189"]
[EventDate "2012.06.04"]
[EventType "swiss"]

1. c4 Nf6 2. Nc3 d5 3. cxd5 Nxd5 4. d4 g6 5. Nf3 Bg7 6. Qa4+ Nc6 7. e4 Nb6 8.
Qc2 Nxd4 9. Nxd4 Qxd4 10. Nb5 Qb4+ 11. Bd2 Qxb2 12. Nxc7+ Kd8 13. Rc1 Qxc2 14.
Rxc2 Rb8 15. Nb5 Bd7 16. Nxa7 Ba4 17. Rc1 Nc8 18. Bb5 Bxb5 19. Nxb5 Nd6 20. Bf4
Ra8 21. Rd1 Kc8 22. Bxd6 exd6 23. Nxd6+ Kb8 24. O-O Rxa2 25. Nxf7 Re8 26. Nd6
Re6 27. Nxb7 Rxe4 28. Nc5 Re7 29. g3 Rc2 30. Rd5 Kc7 31. Na6+ Kb7 32. Nb4 Rc4
33. Rb1 Kc8 34. Na6 Be5 35. Rbb5 Ra7 36. Nc5 Bc7 37. Ne6 Ra6 38. Ng5 h6 39. Nf7
g5 40. Ne5 Rf6 41. Nxc4 1-0

[Event "1st Grand Europe Open"]
[Site "Golden Sands BUL"]
[Date "2012.06.07"]
[Round "4.10"]
[White "Swiercz, Dariusz"]
[Black "Gabuzyan, Hovhannes"]
[Result "1/2-1/2"]
[WhiteTitle "GM"]
[BlackTitle "IM"]
[WhiteElo "2585"]
[BlackElo "2457"]
[WhiteFideId "1126881"]
[BlackFideId "13303732"]
[EventDate "2012.06.04"]
[EventType "swiss"]

1. c4 Nf6 2. Nc3 e5 3. g3 Bb4 4. Bg2 O-O 5. e4 d6 6. Nge2 Bg4 7. O-O Bxe2 8.
Nxe2 Nc6 9. a3 Bc5 10. b4 Bb6 11. Bb2 Qe7 12. d3 Rfe8 13. Qd2 a5 14. h3 axb4 15.
axb4 Nd7 16. Kh2 Rxa1 17. Bxa1 Ra8 18. f4 h6 19. Bc3 Qe8 20. Qb2 Ra4 21. Qb3 Qa8
22. c5 dxc5 23. fxe5 Ncxe5 24. bxc5 Ra3 25. Qd1 Ba5 26. Bxe5 Nxe5 27. d4 Nc4 28.
Qc1 Qa6 29. Qf4 Qg6 30. Rf3 Ra2 31. Nc3 Bxc3 32. Rxc3 Nd2 33. Qxc7 Nxe4 34. Re3
Ng5 35. Qxb7 Qf5 36. Qb8+ Kh7 37. g4 Qd5 38. Qg3 Qxd4 39. c6 Rc2 40. h4 Ne6 41.
Rf3 Rxc6 42. Rxf7 Rc3 43. Rf3 Rc2 44. Rf1 g5 45. Kh1 Nf4 46. Bf3 Kg7 47. Qe1 Qf6
48. Qe4 Rc7 49. Re1 Ng6 50. h5 Nf4 51. Bd1 Qc3 52. Bf3 Qf6 53. Bg2 Rf7 54. Qe3
Rd7 55. Qe4 Nd3 56. Re2 Qa1+ 57. Kh2 Nf4 58. Qe8 Rf7 59. Re7 Qf6 60. Rxf7+ Qxf7
61. Qe5+ Qf6 62. Qc7+ Qf7 1/2-1/2

[Event "1st Grand Europe Open"]
[Site "Golden Sands BUL"]
[Date "2012.06.07"]
[Round "4.11"]
[White "Ashwin, Jayaram"]
[Black "Grigoryan, Avetik"]
[Result "1/2-1/2"]
[WhiteTitle "IM"]
[BlackTitle "GM"]
[WhiteElo "2471"]
[BlackElo "2581"]
[WhiteFideId "5018137"]
[BlackFideId "13302191"]
[EventDate "2012.06.04"]
[EventType "swiss"]

1. d4 Nf6 2. c4 e6 3. g3 c5 4. d5 exd5 5. cxd5 d6 6. Nc3 g6 7. Bg2 Bg7 8. Nf3
O-O 9. O-O Nbd7 10. a4 Ng4 11. h3 Nge5 12. Ng5 Nc4 13. Qb3 Nde5 14. f4 Na5 15.
Qc2 Nec4 16. b3 Bd4+ 17. Kh2 Ne3 18. Bxe3 Bxe3 19. Nb5 a6 20. Nxd6 Qxd6 21. Qc3
Bd4 22. Qxa5 b6 23. Qd2 Bxa1 24. Rxa1 Bf5 25. e4 f6 26. Nxh7 Kxh7 1/2-1/2

[Event "1st Grand Europe Open"]
[Site "Golden Sands BUL"]
[Date "2012.06.07"]
[Round "4.12"]
[White "Bernadskiy, Vitaliy"]
[Black "Esen, Baris"]
[Result "1/2-1/2"]
[WhiteTitle "IM"]
[BlackTitle "GM"]
[WhiteElo "2473"]
[BlackElo "2568"]
[WhiteFideId "14100371"]
[BlackFideId "6302114"]
[EventDate "2012.06.04"]
[EventType "swiss"]

1. d4 Nf6 2. c4 c5 3. d5 e6 4. Nc3 exd5 5. cxd5 d6 6. e4 g6 7. f4 Bg7 8. Bb5+
Nbd7 9. Nf3 a6 10. Bd3 b5 11. O-O O-O 12. Kh1 c4 13. Bc2 Nc5 14. a3 Bg4 15. Be3
Nfd7 16. Bd4 Bxf3 17. Rxf3 Bxd4 18. Qxd4 Qf6 19. Qd2 Rae8 20. Re1 Qg7 21. Rfe3
Re7 22. e5 dxe5 23. d6 Ree8 24. Nd5 f6 25. Ne7+ Rxe7 26. dxe7 Qxe7 27. b4 cxb3
28. Bxb3+ Kg7 29. Bc2 Re8 30. Qa5 Rc8 31. a4 bxa4 32. Bxa4 Nxa4 33. Qxa4 Qe6 34.
Qb3 1/2-1/2

[Event "1st Grand Europe Open"]
[Site "Golden Sands BUL"]
[Date "2012.06.07"]
[Round "4.13"]
[White "Tikkanen, Hans"]
[Black "Thejkumar, M. S."]
[Result "1/2-1/2"]
[WhiteTitle "GM"]
[BlackTitle "IM"]
[WhiteElo "2566"]
[BlackElo "2450"]
[WhiteFideId "1706446"]
[BlackFideId "5009154"]
[EventDate "2012.06.04"]
[EventType "swiss"]

1. Nf3 Nf6 2. c4 e6 3. g3 d5 4. Bg2 Be7 5. O-O O-O 6. b3 c5 7. Bb2 Nc6 8. e3
dxc4 9. bxc4 Qb6 10. Qb3 Na5 11. Qxb6 axb6 12. Na3 Rd8 13. Rfd1 Bd7 14. d3 Ne8
15. Nb5 Bxb5 16. cxb5 Nd6 17. a4 Nb3 18. Ra3 c4 19. dxc4 Nc5 20. Bf1 Rxa4 21.
Rxa4 Nxa4 22. Bd4 Nc5 23. Nd2 Nf5 24. Nf3 Bf6 25. Ra1 Nxd4 26. exd4 Nb3 27. Ra7
Nxd4 28. Bg2 Nxf3+ 29. Bxf3 Bd4 30. Bxb7 1/2-1/2

[Event "1st Grand Europe Open"]
[Site "Golden Sands BUL"]
[Date "2012.06.07"]
[Round "4.17"]
[White "Salem, A.R. Saleh"]
[Black "Tunik, Gennady"]
[Result "0-1"]
[WhiteTitle "GM"]
[BlackTitle "GM"]
[WhiteElo "2528"]
[BlackElo "2429"]
[WhiteFideId "9301348"]
[BlackFideId "4101219"]
[EventDate "2012.06.04"]
[EventType "swiss"]

1. d4 Nf6 2. c4 e6 3. Nc3 Bb4 4. e3 c5 5. Ne2 cxd4 6. exd4 O-O 7. a3 Be7 8. Nf4
d5 9. cxd5 Nxd5 10. Ncxd5 exd5 11. Bd3 Nc6 12. O-O Bd6 13. Be3 Bxf4 14. Bxf4 Qf6
15. Be3 Bf5 16. Be2 Be4 17. Rc1 Rfc8 18. Qd2 h6 19. Bg4 Qg6 20. Bh3 Bf5 21. Bxf5
Qxf5 22. Rc3 Nd8 23. Rfc1 Rc6 24. h3 Rac8 25. Rxc6 Rxc6 26. Rxc6 Nxc6 27. Qc3
Qd7 28. a4 h5 29. b4 a6 30. Qc5 Ne7 31. b5 axb5 32. axb5 Nf5 33. Bd2 Qe6 34. Bb4
b6 35. Qc3 Qe4 36. Ba5 bxa5 37. b6 Nh4 38. Qg3 Qb1+ 39. Kh2 Qxb6 40. Qxh4 Qd6+
41. Kg1 g6 42. Qg5 a4 43. Qc1 a3 44. Qc8+ Kg7 45. Qa8 Qb4 46. Kh2 Qb2 47. Qxd5
a2 48. Qe5+ Kh7 49. Qf6 Qb8+ 0-1

[Event "1st Grand Europe Open"]
[Site "Golden Sands BUL"]
[Date "2012.06.07"]
[Round "4.18"]
[White "Swapnil, S. Dhopade"]
[Black "Al-Sayed, Mohammed"]
[Result "1-0"]
[WhiteTitle "IM"]
[BlackTitle "GM"]
[WhiteElo "2445"]
[BlackElo "2525"]
[WhiteFideId "5019184"]
[BlackFideId "12100196"]
[EventDate "2012.06.04"]
[EventType "swiss"]

1. d4 d5 2. c4 c6 3. Nf3 Nf6 4. Nc3 e6 5. Bg5 h6 6. Bh4 dxc4 7. e4 g5 8. Bg3 b5
9. e5 Nh5 10. Be2 g4 11. Ng1 c5 12. Bxg4 Nxg3 13. hxg3 Nc6 14. Bf3 Bb7 15. dxc5
a6 16. a4 b4 17. Qxd8+ Kxd8 18. Nce2 Kc7 19. Bxc6 Bxc6 20. Rh4 Bd5 21. Nf3 Bxc5
22. Nd2 c3 23. bxc3 b3 24. Nf4 Rad8 25. Nxd5+ Rxd5 26. Nxb3 Rxe5+ 27. Kf1 Rb8
28. Rb1 Rd5 29. Re4 Rf5 30. Rf4 Rxf4 31. gxf4 Bd6 32. g3 h5 33. Ke2 h4 34. gxh4
Bxf4 35. Nd2 Rxb1 36. Nxb1 Kb6 37. c4 Kc5 38. Kd3 Kb4 39. Nc3 f5 40. Ne2 Bh6 41.
Nd4 Kxa4 42. c5 Ka5 43. Kc4 f4 44. Nxe6 1-0

[Event "1st Grand Europe Open"]
[Site "Golden Sands BUL"]
[Date "2012.06.07"]
[Round "4.19"]
[White "Rusev, Krasimir"]
[Black "Mammadov, Zaur"]
[Result "1-0"]
[WhiteTitle "GM"]
[BlackTitle "IM"]
[WhiteElo "2525"]
[BlackElo "2393"]
[WhiteFideId "2905434"]
[BlackFideId "13401033"]
[EventDate "2012.06.04"]
[EventType "swiss"]

1. d4 d5 2. c4 c6 3. Nf3 Nf6 4. Nc3 g6 5. Bf4 Bg7 6. e3 O-O 7. h3 dxc4 8. Bxc4
Nbd7 9. O-O a6 10. a4 c5 11. d5 Nb6 12. Ba2 Bf5 13. a5 Nc8 14. Nd2 Bd3 15. Re1
b5 16. axb6 Qxb6 17. Bc4 Qxb2 18. Na4 Qc2 19. Rc1 Qxd1 20. Rexd1 Bxc4 21. Nxc4
Rd8 22. Nc3 Nd6 23. Na5 Nde4 24. Nc6 Nxc3 25. Rxc3 Rd7 26. Rxc5 e6 27. d6 Ne4
28. Rc2 g5 29. Bh2 e5 30. Ne7+ Kf8 31. Nf5 Re8 32. f3 Nf6 33. e4 a5 34. Kf1 Bh8
35. Rc4 Nh5 36. Bg1 Bf6 37. Rc7 Red8 38. Rd5 Ng7 39. Rxa5 Nxf5 40. exf5 Ke8 41.
Bc5 Bg7 42. Rxd7 Rxd7 43. Ke2 Rb7 44. Kd3 Kd7 45. Kc4 Bf6 46. Kd5 Bd8 47. Ra4 f6
48. h4 h5 49. g3 gxh4 50. gxh4 Rb3 51. Ra7+ Kc8 52. Kc6 Kb8 53. Rh7 Rd3 54. Rxh5 1-0

[Event "1st Grand Europe Open"]
[Site "Golden Sands BUL"]
[Date "2012.06.07"]
[Round "4.20"]
[White "Mrdja, Milan"]
[Black "Grigoryan, Karen H."]
[Result "0-1"]
[WhiteTitle "IM"]
[BlackTitle "IM"]
[WhiteElo "2372"]
[BlackElo "2517"]
[WhiteFideId "14500337"]
[BlackFideId "13301004"]
[EventDate "2012.06.04"]
[EventType "swiss"]

1. e4 c5 2. Nf3 Nc6 3. Bb5 e6 4. O-O Nge7 5. Re1 a6 6. Bf1 d5 7. exd5 Nxd5 8. d4
Be7 9. c4 Nf6 10. dxc5 O-O 11. Nc3 Bxc5 12. Qxd8 Rxd8 13. Be3 Bb4 14. Rac1 Bd7
15. Bb6 Rdc8 16. Red1 Be8 17. h3 Bf8 18. a3 Nd7 19. Na4 Rab8 20. Be3 b6 21. b4
a5 22. b5 Ne7 23. Rxd7 Bxd7 24. Nxb6 Rxb6 25. Bxb6 Bxb5 26. Bxa5 Ba4 27. Bb4 Nc6
28. Bxf8 Kxf8 29. Rb1 Ra8 30. Bd3 Ra7 31. Rb6 Ke7 32. Be4 Na5 33. Rb4 Bc6 34.
Nd2 f5 35. Bxc6 Nxc6 36. Rb3 e5 37. Kf1 Nd4 38. Re3 Kd6 39. Nf3 Nc6 40. Rb3 Kc5 0-1

[Event "1st Grand Europe Open"]
[Site "Golden Sands BUL"]
[Date "2012.06.07"]
[Round "4.21"]
[White "Berescu, Alin-Mile"]
[Black "Gorbatov, Alexej"]
[Result "0-1"]
[WhiteTitle "GM"]
[BlackTitle "IM"]
[WhiteElo "2516"]
[BlackElo "2363"]
[WhiteFideId "1204920"]
[BlackFideId "4111834"]
[EventDate "2012.06.04"]
[EventType "swiss"]

1. Nf3 Nf6 2. c4 e6 3. g3 d5 4. Bg2 Be7 5. O-O O-O 6. b3 b6 7. Bb2 Bb7 8. e3 c5
9. Nc3 dxc4 10. bxc4 Nc6 11. Qe2 Qc7 12. Rac1 Rad8 13. d4 a6 14. d5 exd5 15.
cxd5 Nxd5 16. Nxd5 Rxd5 17. Nh4 Rdd8 18. Qg4 g6 19. Nf5 f6 20. Qc4+ Kh8 21. Nh6
Kg7 22. Qh4 Ne5 23. e4 Nd3 24. Ba1 Nxc1 25. Rxc1 Rd2 26. Bc3 Qd8 27. Bf1 Rd1 28.
Rxd1 Qxd1 29. Ng4 Qc1 30. Be5 Qb1 31. Qh6+ Kg8 32. f3 fxe5 33. Nxe5 Bxe4 0-1